Rehabilitáció az oktatás erejével- börtönpedagógia

Bibliográfiai részletek
Szerző: Almási Inez Alexandra
További közreműködők: Petõ Lilla
Dokumentumtípus: Diplomadolgozat
Kulcsszavak:büntetés végrehajtási intézet
büntethetőség
bűnügyek
élethosszig tartó tanulás
oktatásmódszertan
Online Access:http://dolgozattar.uni-bge.hu/60295

MARC

LEADER 00000nta a2200000 i 4500
001 dolg60295
005 20260409150250.0
008 260409suuuu hu om 000 hun d
040 |a BGE Dolgozattár Repozitórium  |b hun 
041 |a hu 
100 1 |a Almási Inez Alexandra 
245 1 0 |a Rehabilitáció az oktatás erejével- börtönpedagógia  |c Almási Inez Alexandra  |h [elektronikus dokumentum] 
520 3 |a A szakdolgozat a börtönpedagógia szerepét vizsgálja a fogvatartottak társadalmi reintegrációjában, különös tekintettel arra, hogyan segíti az oktatás, a kulturális tanulás és a különböző foglalkozások az önismeret és társadalmi érzékenység fejlődését. A dolgozat bemutatja a magyar börtönpedagógiai gyakorlatot, nemzetközi példákkal, elsősorban a skandináv modellel összevetve. Két személyes interjú is árnyalja a képet: egy volt fogvatartott és hozzátartozója osztja meg tapasztalatait az oktatási programok hatásairól. 
695 |a büntetés végrehajtási intézet 
695 |a büntethetőség 
695 |a bűnügyek 
695 |a élethosszig tartó tanulás 
695 |a oktatásmódszertan 
700 1 |a Petõ Lilla  |e ths 
856 4 0 |u http://dolgozattar.uni-bge.hu/60295/1/Alma%CC%81si_Inez%20Alexandra_Szakdolgozat.pdf  |z Dokumentum-elérés 
856 4 0 |u http://dolgozattar.uni-bge.hu/60295/2/Alm%C3%A1si_Inez_Alexandra_b%C3%ADr%C3%A1lat.pdf  |z Dokumentum-elérés 
856 4 0 |u http://dolgozattar.uni-bge.hu/60295/3/Alm%C3%A1siI_PL.pdf  |z Dokumentum-elérés